000 00486nam a22001817a 4500
020 _a9789391227456
082 _aM3
_bVIS/K.2
100 _aVishnu M C
245 _aKaanthamalacharitham:
_barolakkadinte rahasyam/ (Part 2)
_cby Vishnu M C
250 _a8th ed.
260 _aPalakkad:
_bLogos Books,
_c2025.
300 _a215p.
490 _aA Book Series From ERA Universe
650 _aNovel Malayalam
650 _aLiterature Malayalam
650 _aLiterature
942 _cBK
999 _c181978
_d181978